| 000 | 00568nam a22002177a 4500 | ||
|---|---|---|---|
| 003 | OSt | ||
| 005 | 20140310182443.0 | ||
| 008 | 130803t xxu||||| |||| 00| 0 eng d | ||
| 020 | _a9789715132978 | ||
| 050 |
_aQD 415 _b.C142 2011 |
||
| 100 |
_a Calano, Roel B. _97522 |
||
| 245 |
_aFundamentals of biochemistry / _cRoel B. Calano. |
||
| 260 |
_aManila : _bGiuani Prints House, _cc2011. |
||
| 300 |
_a240 p. : _bill. ; _c24 cm. |
||
| 942 |
_2lcc _cSSLC |
||
| 999 |
_c13560 _d13560 |
||